| 000 | 01245nam a2200253Ia 4500 | ||
|---|---|---|---|
| 999 |
_c38556 _d38556 |
||
| 001 | 4657 | ||
| 003 | GE_BSU | ||
| 005 | 20190510155818.0 | ||
| 008 | 181216s1999||||ge |||||||||||||| ||geo|| | ||
| 040 | _cGE_BSU | ||
| 041 | _ageo | ||
| 080 | _a811.111(075.1) გ–65 | ||
| 100 |
_aგოლიცინსკი, ი _9974 |
||
| 245 |
_aინგლისური ენის გრამატიკა : სავარჯიშოების კრებული / _cი .გოლიცინსკი ; მთარგმნ : მარინა ლოგუა ; რედ : მ. ინასარიძე |
||
| 264 |
_aთბილისი. : _bდეგი, _c1999. |
||
| 300 |
_a472გვ .; _c20სმ. |
||
| 500 | _aინგლ–ქართ. ლექსიკონი გვ.364– 439, ქართ–ინგლ. ლექსიკონი გვ.440–471. | ||
| 541 | _h7 ლ. | ||
| 653 | _aინგლისური ენის გრამატიკაია | ||
| 653 | _aინგლისური ენა | ||
| 700 |
_aლოგუა, მარინა _eმთარგმნელი _9971 |
||
| 700 |
_aინასარიძე, მ _eრედაქტორი _9975 |
||
| 942 |
_cBK _2udc |
||